Catálogo del Museo de Reproducciones Artísticas / (Record no. 44056)

MARC details
000 -LEADER
campo de control de longitud fija 00736nam a2200205 i 4500
001 - NÚMERO DE CONTROL
campo de control 44056
003 - IDENTIFICADOR DE NÚMERO DE CONTROL
campo de control ES-MaACL
005 - FECHA Y HORA DE LA ÚLTIMA TRANSACCIÓN
campo de control 20231227133411.0
007 - CAMPO FIJO DE DESCRIPCIÓN FÍSICA--INFORMACIÓN GENERAL
campo de control de longitud fija t|
008 - DATOS DE LONGITUD FIJA--INFORMACIÓN GENERAL
campo de control de longitud fija 030320s1881 sp c |||| | spa d
080 ## - NÚMERO DE LA CLASIFICACIÓN DECIMAL UNIVERSAL
Número de la Clasificación Decimal Universal 7.032.6/.7:069.538(460.27 M.)
110 2# - ENTRADA PRINCIPAL--NOMBRE DE ENTIDAD CORPORATIVA
Nombre de entidad corporativa o nombre de jurisdicción como elemento de entrada Museo Nacional de Reproducciones Artísticas (España)
9 (RLIN) 151574
245 10 - MENCIÓN DEL TÍTULO
Título Catálogo del Museo de Reproducciones Artísticas /
Mención de responsabilidad, etc. [introducción de Juan F. Riaño].
260 ## - PUBLICACIÓN, DISTRIBUCIÓN, ETC.
Lugar de publicación, distribución, etc. Madrid :
Nombre del editor, distribuidor, etc. [s.n.],
Fecha de publicación, distribución, etc. 1881 (
Fabricante Imp. de Aribau y C.ª)
300 ## - DESCRIPCIÓN FÍSICA
Extensión 123 p. ;
Dimensiones 21 cm.
610 24 - PUNTO DE ACCESO ADICIONAL DE MATERIA--NOMBRE DE ENTIDAD CORPORATIVA
Nombre de entidad corporativa o nombre de jurisdicción como elemento de entrada Museo Nacional de Reproducciones Artísticas (España)-
Subdivisión de forma Catálogos.
9 (RLIN) 152170
700 1# - ENTRADA AGREGADA--NOMBRE PERSONAL
Nombre de persona Riaño, Juan Facundo,
Fechas asociadas al nombre 1828-1901
9 (RLIN) 96682
852 ## - LOCALIZACIÓN
Ubicación ES-MaACL
Número de control de estantería F-1521
Holdings
Estatus retirado Estado de pérdida Estado de daño No para préstamo Colección Biblioteca de origen Biblioteca actual Ubicación en estantería Fecha de adquisición Fuente de adquisición Total de préstamos Signatura topográfica completa Código de barras Visto por última vez Precio de reemplazo Tipo de ítem Koha
        Libros del s. XIX Biblioteca del Ateneo de Madrid Biblioteca del Ateneo de Madrid Depósito 2 17/01/2008     F-1521 1046369 23/02/2023 23/02/2023 Libro impreso antiguo